[Event "VII Sunway Sitges Open 2020"]
[Site "Sitges"]
[Date "2020.12.16"]
[Round "4.10"]
[White "Maurizzi, Marc Andria"]
[Black "Nevednichy, Vladislav"]
[Result "1/2-1/2"]
[WhiteElo "2445"]
[BlackElo "2546"]
[Annotator "TA"]
[PlyCount "87"]
[EventDate "2020.12.13"]
[EventType "swiss"]
[EventCountry "ESP"]
[SourceTitle "playchess.com"]
[Source "ChessBase"]
[SourceQuality "1"]

{[%evp 18,87,55,25,37,-12,31,26,25,-46,-37,-50,-50,-38,-42,-35,-36,-51,-43,-66,-54,-55,-26,-33,-16,-52,-45,-52,-52,-52,-50,-57,-63,-85,-22,-19,-19,-20,-20,-238,0,0,4,12,4,0,0,0,0,0,74,75,71,75,106,71,125,8,8,8,8,8,12,0,6,6,392,400,357,407,317,197]} 1. e4 c5 2. Nf3 d6 3. d4 cxd4 4. Nxd4 Nf6 5. Nc3 Nc6 6. Bg5 e6 7. Qd2 a6 8. O-O-O Bd7 9. f3 Be7 10. Kb1 O-O {Recently 10...Nxd4 got a lot of attention. B67: Sicilian: Richter-Rauzer: 7...a6 8 0-0-0 Bd7, lines without 9 f4 Be7.} 11. g4 b5 {[%cal Bb7b5,Bb5b4][%mdl 32]} 12. Nxc6 Bxc6 {White has an edge.} 13. Bd3 (13. h4 $11) 13... b4 $1 $15 {[%cal Rb4c3]} 14. Ne2 Nxe4 {[%mdl 64] Discovered Attack} 15. Bxe4 Bxg5 {[#]} 16. Qxd6 $146 ({Predecessor:} 16. Qxb4 d5 17. Nd4 Bd7 18. Bd3 Bf6 19. Be2 Rb8 20. Qd2 Qb6 21. c3 Rb7 22. b3 {0-1 (35) Kristjansson,O (2103)-Thorhallsson,T (2415) Reykjavik 2016}) 16... Bxe4 17. fxe4 Qa5 18. Nc1 Rfd8 19. Qg3 Rdc8 20. Nd3 Qc7 21. Qf2 a5 {[%cal Ba6a5,Ba5a4,Ba4a3][%mdl 32]} 22. h4 Be7 23. Rhf1 Rf8 24. g5 a4 25. Qf4 Bd6 (25... Qa5 $17) 26. e5 $11 Be7 27. Nxb4 a3 {Hoping for ...Bxb4.} 28. b3 $2 (28. Rd4 $11) 28... Bxb4 $2 (28... Rac8 $1 $19 29. Rf2 Qc3) 29. Qxb4 Qxe5 {[%csl Ga3][%cal Re5b2]} 30. Qd4 Qc7 $132 {[%mdl 2048] Black is not holding back} 31. c4 Rad8 32. Qf2 e5 33. Qe3 Rxd1+ (33... Qe7 $11 {remains equal.}) 34. Rxd1 {[%mdl 4096] Endgame KQR-KQR} f5 35. gxf6 $1 gxf6 36. c5 f5 ({Black should play} 36... Rd8 37. Rg1+ Kh8) 37. c6 (37. b4 $16) 37... Qxc6 38. Rg1+ Kh8 {White must now prevent ...Re8.} 39. Qxe5+ Qf6 40. Qxf6+ Rxf6 41. Kc2 Rh6 $2 {[%mdl 8192] [#]} (41... Rc6+ $11 {and Black stays safe.} 42. Kd3 Rh6) 42. b4 $1 $18 Rxh4 {[#]} 43. Kb3 $1 Rg4 44. Rf1 {Weighted Error Value: White=0.28/Black=0.53} 1/2-1/2

[Event "VII Sunway Sitges Open 2020"]
[Site "Sitges"]
[Date "2020.12.16"]
[Round "4.11"]
[White "Krysa, Leandro"]
[Black "Carbonell Sancho, Marc"]
[Result "1/2-1/2"]
[WhiteElo "2531"]
[BlackElo "2274"]
[Annotator "ChessBase"]
[PlyCount "48"]
[EventDate "2020.12.13"]
[EventType "swiss"]
[EventCountry "ESP"]
[SourceTitle "playchess.com"]
[Source "ChessBase"]
[SourceQuality "1"]
[TimeControl "40/5400+30:1800+30"]

1. d4 {[%emt 0:00:00]} Nf6 {[%emt 0:00:00]} 2. c4 {[%emt 0:00:00]} g6 {[%emt 0:00:00]} 3. Nc3 {[%emt 0:00:00]} Bg7 {[%emt 0:00:00]} 4. e4 {[%emt 0:00:00]} d6 {[%emt 0:00:00]} 5. Nf3 {[%emt 0:00:03]} O-O {[%emt 0:00:00]} 6. Be2 {[%emt 0:00:21]} e5 {[%emt 0:03:21]} 7. Be3 {[%emt 0:00:14]} exd4 {[%emt 0:00:46]} 8. Nxd4 {[%emt 0:00:12]} Re8 {[%emt 0:01:41]} 9. f3 {[%emt 0:00:30]} c6 {[%emt 0:03:53]} 10. Bf2 {[%emt 0:00:10]} Nbd7 {[%emt 0:02:35]} 11. O-O {[%emt 0:04:33]} Qe7 {[%emt 0:10:28]} 12. Re1 {[%emt 0:06:57]} Bh6 {[%emt 0:07:31]} 13. Bf1 {[%emt 0:03:06]} Bg5 {[%emt 0:01:03]} 14. Kh1 {[%emt 0:04:21]} h5 {[%emt 0:01:06]} 15. Qc2 {[%emt 0:19:09]} h4 {[%emt 0:02:27]} 16. Be3 {[%emt 0:19:20]} Bxe3 {[%emt 0:08:22]} 17. Rxe3 {[%emt 0:00:07]} Nh5 {[%emt 0:01:43]} 18. Qd2 {[%emt 0:06:51]} Ne5 {[%emt 0:01:24]} 19. b3 {[%emt 0:02:15]} Be6 {[%emt 0:06:53]} 20. Rd1 {[%emt 0:01:37]} Rad8 {[%emt 0:00:50]} 21. Qf2 {[%emt 0:09:55]} Qf6 {[%emt 0:12:11]} 22. Kg1 {[%emt 0:02:10]} a6 {[%emt 0:00:07]} 23. Rd2 {[%emt 0:06:40]} g5 {[%emt 0:04:09]} 24. h3 {[%emt 0:04:12]} Nf4 {[%emt 0:12:39]} 1/2-1/2

[Event "VII Sunway Sitges Open 2020"]
[Site "Sitges"]
[Date "2020.12.16"]
[Round "4.12"]
[White "Narciso Dublan, Marc"]
[Black "Csiki, Endre"]
[Result "1/2-1/2"]
[WhiteElo "2492"]
[BlackElo "2231"]
[Annotator "TA"]
[PlyCount "41"]
[EventDate "2020.12.13"]
[EventType "swiss"]
[EventCountry "ESP"]
[SourceTitle "playchess.com"]
[Source "ChessBase"]
[SourceQuality "1"]

{[%evp 16,41,24,9,11,12,18,11,23,-2,0,0,0,0,4,0,0,0,0,0,0,-25,0,-8,0,-21,0,0]} 1. d4 Nf6 2. Nf3 d5 3. c4 e6 4. Bg5 Nbd7 5. e3 c6 6. Nbd2 Be7 7. Bd3 h6 8. Bh4 O-O 9. O-O b6 {D03: 1 d4 d5 2 Nf3 Nf6 3 Bg5, including Torre Attack with early ...d5.} 10. Qe2 Bb7 11. Rfd1 c5 12. Rac1 Rc8 13. cxd5 Nxd5 {[#]} 14. Bg3 $146 ({Predecessor:} 14. Bxe7 Qxe7 15. Ba6 Bxa6 16. Qxa6 Rc7 17. Ne4 N7f6 18. Nxf6+ Qxf6 19. a3 Rfc8 20. Ne5 {½-½ (43) Mosnegutu,K (2175)-Diulger,A (2360) Eforie Nord 2000}) 14... cxd4 15. Rxc8 Qxc8 16. Nxd4 Nc5 17. Bb1 Ba6 18. Qf3 Bb7 {[#] Strongly threatening ...Nc3!} 19. Qe2 {The position is equal.} Ba6 20. Qf3 Bb7 {...Nc3! is the strong threat.} 21. Qe2 {Not much happened in this game.  Weighted Error Value: White=0.05/Black=0.07} 1/2-1/2

[Event "VII Sunway Sitges Open 2020"]
[Site "Sitges"]
[Date "2020.12.16"]
[Round "4.13"]
[White "Lagarde, Maxime"]
[Black "Esplugas Esteve, Vicenc"]
[Result "1-0"]
[WhiteElo "2651"]
[BlackElo "2319"]
[Annotator "ChessBase"]
[PlyCount "85"]
[EventDate "2020.12.13"]
[EventType "swiss"]
[EventCountry "ESP"]
[SourceTitle "playchess.com"]
[Source "ChessBase"]
[SourceQuality "1"]
[TimeControl "40/5400+30:1800+30"]

1. e4 {[%emt 0:00:00]} e6 {[%emt 0:00:00]} 2. d4 {[%emt 0:00:15]} d5 {[%emt 0:00:00]} 3. Nc3 {[%emt 0:00:02]} Bb4 {[%emt 0:00:00]} 4. Nge2 {[%emt 0:03:44]} dxe4 {[%emt 0:00:00]} 5. a3 {[%emt 0:00:03]} Bxc3+ {[%emt 0:00:00]} 6. Nxc3 {[%emt 0:00:04]} Nc6 {[%emt 0:00:03]} 7. Bb5 {[%emt 0:00:57]} Nge7 {[%emt 0:00:07]} 8. Bg5 {[%emt 0:04:02]} f6 {[%emt 0:00:48]} 9. Be3 {[%emt 0:01:13]} O-O {[%emt 0:00:12]} 10. Qd2 {[%emt 0:04:30]} f5 {[%emt 0:00:52]} 11. f3 {[%emt 0:06:44]} a6 {[%emt 0:01:12]} 12. Bxc6 {[%emt 0:02:08]} Nxc6 {[%emt 0:00:07]} 13. fxe4 {[%emt 0:03:19]} e5 {[%emt 0:00:25]} 14. d5 {[%emt 0:01:16]} Na5 {[%emt 0:00:12]} 15. b3 {[%emt 0:03:15]} Qd6 {[%emt 0:01:57]} 16. Qd3 {[%emt 0:06:47]} b6 {[%emt 0:01:34]} 17. Bc1 Qg6 {[%emt 0:10:40]} 18. Qg3 {[%emt 0:18:46]} f4 {[%emt 0:15:14]} 19. Qxg6 {[%emt 0:02:51]} hxg6 {[%emt 0:00:03]} 20. Bb2 {[%emt 0:01:12]} Bd7 21. O-O-O {[%emt 0:06:15]} Nb7 {[%emt 0:10:43]} 22. Na2 Rae8 {[%emt 0:09:51]} 23. Nb4 {[%emt 0:05:22]} Nc5 {[%emt 0:00:23]} 24. Nd3 Bg4 {[%emt 0:11:45]} 25. Nxc5 {[%emt 0:12:43]} Bxd1 {[%emt 0:00:11]} 26. Nd7 {[%emt 0:02:38]} Bh5 {[%emt 0:02:09]} 27. Nxf8 {[%emt 0:01:59]} Kxf8 {[%emt 0:00:03]} 28. h4 {[%emt 0:03:12]} Bg4 {[%emt 0:05:22]} 29. c4 {[%emt 0:02:22]} Ke7 {[%emt 0:03:00]} 30. Kd2 {[%emt 0:04:43]} Kd6 {[%emt 0:00:24]} 31. b4 {[%emt 0:00:07]} c5 {[%emt 0:03:42]} 32. Bc3 {[%emt 0:00:40]} b5 {[%emt 0:05:47]} 33. a4 {[%emt 0:00:30]} f3 {[%emt 0:05:36]} 34. gxf3 {[%emt 0:01:35]} Bxf3 {[%emt 0:00:05]} 35. Ra1 {[%emt 0:00:17]} bxc4 {[%emt 0:01:10]} 36. Ke3 {[%emt 0:00:29]} Bg4 {[%emt 0:03:16]} 37. b5 {[%emt 0:00:29]} Ra8 {[%emt 0:02:29]} 38. bxa6 {[%emt 0:01:04]} Rxa6 {[%emt 0:00:09]} 39. a5 {[%emt 0:00:03]} Bd7 {[%emt 0:05:17]} 40. Rb1 {[%emt 0:00:00]} Ke7 {[%emt 0:00:00]} 41. Rb6 {[%emt 0:01:37]} Rxb6 {[%emt 0:02:58]} 42. axb6 {[%emt 0:00:04]} Kd6 {[%emt 0:00:14]} 43. Bxe5+ 1-0

[Event "VII Sunway Sitges Open 2020"]
[Site "Sitges"]
[Date "2020.12.16"]
[Round "4.14"]
[White "Msellek, Ilyass"]
[Black "Lopez Martinez, Josep Manuel"]
[Result "0-1"]
[WhiteElo "2316"]
[BlackElo "2542"]
[Annotator "ChessBase"]
[PlyCount "60"]
[EventDate "2020.12.13"]
[EventType "swiss"]
[EventCountry "ESP"]
[SourceTitle "playchess.com"]
[Source "ChessBase"]
[SourceQuality "1"]
[TimeControl "40/5400+30:1800+30"]

1. e4 {[%emt 0:00:00]} c5 {[%emt 0:20:49]} 2. Nf3 {[%emt 0:00:00]} d6 {[%emt 0:00:48]} 3. d4 {[%emt 0:00:00]} cxd4 {[%emt 0:00:19]} 4. Nxd4 {[%emt 0:00:00]} Nf6 {[%emt 0:00:07]} 5. Nc3 {[%emt 0:00:00]} a6 {[%emt 0:00:44]} 6. Bc4 {[%emt 0:00:14]} e6 {[%emt 0:01:43]} 7. Bb3 {[%emt 0:00:17]} b5 {[%emt 0:01:48]} 8. a3 {[%emt 0:00:53]} Bd7 {[%emt 0:07:22]} 9. g4 {[%emt 0:09:54]} h6 {[%emt 0:01:00]} 10. h4 {[%emt 0:05:28]} Nc6 {[%emt 0:10:19]} 11. Rg1 {[%emt 0:04:10]} Nxd4 {[%emt 0:08:55]} 12. Qxd4 {[%emt 0:00:09]} Bc6 {[%emt 0:00:10]} 13. Be3 {[%emt 0:23:30]} Nd7 {[%emt 0:00:58]} 14. O-O-O {[%emt 0:03:16]} Qxh4 {[%emt 0:08:02]} 15. g5 {[%emt 0:03:21]} hxg5 {[%emt 0:03:46]} 16. Bxg5 {[%emt 0:00:48]} Qh2 {[%emt 0:05:01]} 17. Nd5 {[%emt 0:01:48]} Bxd5 {[%emt 0:00:17]} 18. Bxd5 {[%emt 0:11:42]} exd5 {[%emt 0:00:22]} 19. Rde1 {[%emt 0:07:05]} f6 {[%emt 0:08:14]} 20. exd5+ {[%emt 0:18:33]} Kf7 {[%emt 0:02:36]} 21. Qg4 {[%emt 0:03:00]} Nc5 {[%emt 0:04:11]} 22. Bxf6 {[%emt 0:00:20]} Qh5 {[%emt 0:02:04]} 23. Re7+ {[%emt 0:00:10]} Kxf6 {[%emt 0:00:06]} 24. Re6+ {[%emt 0:04:09]} Kf7 {[%emt 0:00:11]} 25. Qf4+ {[%emt 0:01:08]} Kg8 {[%emt 0:00:11]} 26. Reg6 {[%emt 0:00:19]} Ra7 {[%emt 0:02:09]} 27. R6g5 {[%emt 0:01:22]} Rf7 {[%emt 0:00:41]} 28. Qe3 {[%emt 0:00:29]} Qh4 {[%emt 0:01:04]} 29. b4 {[%emt 0:00:19]} Nd7 {[%emt 0:00:51]} 30. R1g3 {[%emt 0:01:30]} Ne5 0-1

[Event "VII Sunway Sitges Open 2020"]
[Site "Sitges"]
[Date "2020.12.16"]
[Round "4.15"]
[White "Mendonca, Leon Luke"]
[Black "Boyer, Mahel"]
[Result "1/2-1/2"]
[WhiteElo "2516"]
[BlackElo "2307"]
[Annotator "ChessBase"]
[PlyCount "118"]
[EventDate "2020.12.13"]
[EventType "swiss"]
[EventCountry "ESP"]
[SourceTitle "playchess.com"]
[Source "ChessBase"]
[SourceQuality "1"]
[TimeControl "40/5400+30:1800+30"]

1. d4 {[%emt 0:00:00]} d5 {[%emt 0:02:30]} 2. Nf3 {[%emt 0:03:18]} Nf6 {[%emt 0:02:26]} 3. c4 {[%emt 0:01:20]} e6 {[%emt 0:00:08]} 4. Nc3 {[%emt 0:00:43]} h6 5. g3 {[%emt 0:05:38]} Bd6 {[%emt 0:00:35]} 6. Bg2 {[%emt 0:01:23]} O-O {[%emt 0:00:11]} 7. O-O {[%emt 0:00:25]} Nc6 {[%emt 0:00:34]} 8. Nb5 {[%emt 0:22:36]} dxc4 {[%emt 0:00:39]} 9. Qc2 {[%emt 0:04:15]} a6 {[%emt 0:06:00]} 10. Nxd6 {[%emt 0:01:18]} cxd6 {[%emt 0:00:07]} 11. Qxc4 {[%emt 0:00:12]} Bd7 {[%emt 0:00:12]} 12. Bf4 {[%emt 0:18:32]} Qe7 {[%emt 0:00:17]} 13. Rfc1 {[%emt 0:02:19]} Rfc8 {[%emt 0:04:02]} 14. Qb3 {[%emt 0:02:58]} e5 {[%emt 0:06:17]} 15. dxe5 {[%emt 0:01:44]} dxe5 {[%emt 0:00:05]} 16. Be3 {[%emt 0:03:16]} Be6 {[%emt 0:00:21]} 17. Qa4 {[%emt 0:02:05]} Bd5 {[%emt 0:10:11]} 18. Rd1 {[%emt 0:10:32]} Qe6 {[%emt 0:04:35]} 19. Qa3 {[%emt 0:03:30]} a5 {[%emt 0:01:49]} 20. Rac1 {[%emt 0:07:20]} Bxa2 {[%emt 0:02:16]} 21. Rd6 {[%emt 0:01:10]} Qb3 {[%emt 0:00:14]} 22. Qxb3 {[%emt 0:03:54]} Bxb3 {[%emt 0:00:02]} 23. Nd2 {[%emt 0:00:09]} Be6 {[%emt 0:00:42]} 24. Ne4 {[%emt 0:01:55]} Ne8 {[%emt 0:07:29]} 25. Rdd1 {[%emt 0:00:18]} Nd4 {[%emt 0:01:02]} 26. Bxd4 {[%emt 0:00:35]} Rxc1 {[%emt 0:00:44]} 27. Rxc1 {[%emt 0:00:01]} exd4 {[%emt 0:00:04]} 28. Nc5 {[%emt 0:01:36]} Rc8 {[%emt 0:00:08]} 29. Bxb7 {[%emt 0:00:35]} Rc7 {[%emt 0:00:07]} 30. Ba6 {[%emt 0:00:46]} Bg4 {[%emt 0:02:33]} 31. f3 {[%emt 0:00:34]} Bf5 {[%emt 0:00:34]} 32. Nb3 {[%emt 0:00:23]} Be6 {[%emt 0:01:08]} 33. Nc5 {[%emt 0:00:20]} Bf5 {[%emt 0:02:16]} 34. Nb3 {[%emt 0:00:36]} Be6 {[%emt 0:00:44]} 35. Nc5 {[%emt 0:00:01]} Bf5 {[%emt 0:03:10]} 36. g4 {[%emt 0:01:04]} Be6 {[%emt 0:01:55]} 37. Nd3 {[%emt 0:00:35]} Rxc1+ {[%emt 0:01:47]} 38. Nxc1 {[%emt 0:00:00]} Nc7 {[%emt 0:00:14]} 39. Bd3 {[%emt 0:00:52]} Kf8 {[%emt 0:00:30]} 40. Kf2 {[%emt 0:00:00]} Ke7 {[%emt 0:00:00]} 41. e3 {[%emt 0:12:11]} dxe3+ {[%emt 0:02:24]} 42. Kxe3 {[%emt 0:00:09]} Kd6 {[%emt 0:04:31]} 43. Ne2 {[%emt 0:02:16]} Kc5 {[%emt 0:01:24]} 44. Nf4 {[%emt 0:01:52]} g5 {[%emt 0:05:13]} 45. Nxe6+ {[%emt 0:01:58]} Nxe6 {[%emt 0:01:26]} 46. Ke4 {[%emt 0:01:35]} Kb4 {[%emt 0:03:07]} 47. Bc2 {[%emt 0:01:05]} Nc5+ {[%emt 0:03:16]} 48. Kd4 {[%emt 0:03:37]} Nd7 {[%emt 0:01:04]} 49. f4 {[%emt 0:03:15]} f6 {[%emt 0:09:32]} 50. fxg5 {[%emt 0:02:07]} fxg5 {[%emt 0:00:06]} 51. Ke4 {[%emt 0:01:01]} Nb6 {[%emt 0:08:38]} 52. Kf5 {[%emt 0:00:37]} Nc4 {[%emt 0:00:16]} 53. Kg6 {[%emt 0:00:14]} Ne5+ {[%emt 0:05:40]} 54. Kh5 {[%emt 0:01:48]} Nf3 {[%emt 0:02:11]} 55. Kxh6 {[%emt 0:00:45]} Nxh2 {[%emt 0:00:17]} 56. Kxg5 {[%emt 0:00:04]} a4 {[%emt 0:00:09]} 57. Kf4 {[%emt 0:00:14]} Nxg4 {[%emt 0:00:05]} 58. Kxg4 {[%emt 0:00:11]} a3 {[%emt 0:00:04]} 59. bxa3+ {[%emt 0:00:11]} Kxa3 {[%emt 0:00:07]} 1/2-1/2

[Event "VII Sunway Sitges Open 2020"]
[Site "Sitges"]
[Date "2020.12.16"]
[Round "4.16"]
[White "Flom, Gabriel"]
[Black "Dalaud, Dorian"]
[Result "1-0"]
[WhiteElo "2499"]
[BlackElo "2291"]
[Annotator "TA"]
[PlyCount "103"]
[EventDate "2020.12.13"]
[EventType "swiss"]
[EventCountry "ESP"]
[SourceTitle "playchess.com"]
[Source "ChessBase"]
[SourceQuality "1"]

{[%evp 15,103,44,31,26,50,35,58,10,24,12,27,21,31,7,22,12,50,34,64,64,57,49,107,30,66,0,0,0,0,0,-14,-36,-19,-33,-29,-29,-19,-12,-12,-12,-13,-22,-28,-27,-39,-15,-18,-28,0,0,40,31,53,-13,0,0,24,24,24,24,24,24,70,60,159,131,247,247,231,213,227,227,208,158,155,53,275,285,255,249,12839,12839,12840,12840,12840,12841,12848,12848,12849,12848]} 1. d4 Nf6 2. c4 c5 3. d5 b5 4. cxb5 a6 5. e3 axb5 6. Bxb5 Qa5+ 7. Nc3 Bb7 8. Bd2 Qb6 9. a4 {9.Nf3 is setting a new trend. A57: Benko/Volga Gambit.} Nxd5 10. Nf3 e6 11. Nxd5 {White is slightly better.} Bxd5 12. Bc3 Be7 13. O-O O-O 14. Nd2 f5 15. f3 Qb7 16. e4 fxe4 17. fxe4 Rxf1+ 18. Qxf1 Bxe4 {[#]} (18... Bc6 $14) 19. Qf4 $146 (19. Nxe4 $16 Qxe4 20. Re1) ({Predecessor:} 19. Nxe4 Qxe4 20. Re1 Qg4 21. Re3 Bd6 22. Qd3 Qf4 23. g3 Qg5 24. Qe4 Ra7 25. Rf3 {1-0 (35) Dambacher,M (2480)-Haast,A (2235) Netherlands 2013}) 19... Bf5 20. Nc4 (20. Qg3 $14 Bg6 21. Bd3) 20... Nc6 $1 $11 {[%cal Rc6d4]} 21. Nd6 Qc7 22. Qg3 {[%csl Gc3][%cal Rg3g7]} Bg6 23. Nf5 Qxg3 24. Nxe7+ Nxe7 25. hxg3 d5 26. Be5 Be8 27. Bxe8 Rxe8 {[%mdl 4096] Endgame KRB-KRN} 28. a5 Nc6 29. Bd6 c4 30. a6 Ra8 31. Bc5 Kf7 32. a7 Ke8 33. Rf1 {aiming for Rf8+.} Ne7 $1 34. g4 ({White should try} 34. Rf3 $14) 34... e5 35. b4 cxb3 36. Rb1 Nc6 37. Rxb3 {And now Rb7 would win.} Nxa7 {Threatens to win with ...Nc6.} 38. Ra3 Rc8 {Strongly threatening ...Nb5.} 39. Bxa7 $14 {KRB-KR} Rc4 (39... Kf7 $14) 40. Ra5 Rc1+ (40... Kf7 $16 {was worth a try.}) 41. Kf2 $18 Rc2+ 42. Kg3 $1 Rc3+ 43. Kh4 Rd3 44. Bb8 e4 {[#]} 45. Be5 (45. Ra7 $1 $16) 45... g6 $2 {[#] Black cannot hold the game after this.} (45... e3 $14) 46. Ra7 $1 h6 47. g5 hxg5+ $2 (47... h5 48. g4 hxg4 49. Kxg4 Rd1) 48. Kxg5 {White is clearly winning.} Rb3 49. Kxg6 e3 50. Bf6 d4 51. Re7+ Kf8 52. Rd7 {Weighted Error Value: White=0.17/Black=0.29} 1-0

[Event "VII Sunway Sitges Open 2020"]
[Site "Sitges"]
[Date "2020.12.16"]
[Round "4.17"]
[White "Garriga Cazorla, Pere"]
[Black "Ortega Serra, Marc"]
[Result "1/2-1/2"]
[WhiteElo "2487"]
[BlackElo "2288"]
[Annotator "ChessBase"]
[PlyCount "72"]
[EventDate "2020.12.13"]
[EventType "swiss"]
[EventCountry "ESP"]
[SourceTitle "playchess.com"]
[Source "ChessBase"]
[SourceQuality "1"]
[TimeControl "40/5400+30:1800+30"]

1. Nf3 {[%emt 0:00:00]} Nf6 {[%emt 0:01:59]} 2. c4 {[%emt 0:00:29]} e6 {[%emt 0:00:10]} 3. g3 {[%emt 0:00:08]} d5 {[%emt 0:00:07]} 4. Bg2 {[%emt 0:00:07]} Be7 {[%emt 0:00:25]} 5. O-O O-O {[%emt 0:05:19]} 6. b3 {[%emt 0:03:21]} d4 {[%emt 0:00:17]} 7. e3 {[%emt 0:00:06]} c5 {[%emt 0:00:07]} 8. Ne5 {[%emt 0:00:10]} Nbd7 {[%emt 0:13:49]} 9. exd4 {[%emt 0:07:59]} cxd4 {[%emt 0:00:36]} 10. Nxd7 Nxd7 {[%emt 0:02:46]} 11. d3 {[%emt 0:02:38]} e5 {[%emt 0:03:09]} 12. f4 {[%emt 0:08:24]} exf4 13. gxf4 {[%emt 0:18:49]} Rb8 {[%emt 0:17:26]} 14. f5 {[%emt 0:15:55]} b5 {[%emt 0:01:54]} 15. Bf4 {[%emt 0:04:25]} Rb6 {[%emt 0:00:44]} 16. Nd2 {[%emt 0:00:42]} Nc5 {[%emt 0:09:10]} 17. Bg3 {[%emt 0:06:48]} Nxd3 {[%emt 0:08:41]} 18. cxb5 {[%emt 0:00:17]} Rxb5 {[%emt 0:07:30]} 19. f6 {[%emt 0:02:17]} Bxf6 {[%emt 0:00:47]} 20. Ne4 {[%emt 0:00:22]} Ne5 {[%emt 0:02:08]} 21. a4 {[%emt 0:05:13]} Rb6 {[%emt 0:00:19]} 22. a5 {[%emt 0:00:07]} Rb5 {[%emt 0:00:40]} 23. Nxf6+ {[%emt 0:00:11]} gxf6 {[%emt 0:00:08]} 24. Ra4 {[%emt 0:06:45]} Ng6 {[%emt 0:08:09]} 25. h4 {[%emt 0:06:55]} Be6 {[%emt 0:02:45]} 26. Rxd4 {[%emt 0:03:54]} Qxa5 {[%emt 0:00:02]} 27. b4 {[%emt 0:01:39]} Rxb4 {[%emt 0:02:54]} 28. Rxb4 {[%emt 0:00:57]} Qxb4 {[%emt 0:00:05]} 29. h5 {[%emt 0:00:07]} Ne5 {[%emt 0:03:48]} 30. Rf4 {[%emt 0:01:56]} Qc3 {[%emt 0:01:05]} 31. Bf2 {[%emt 0:00:37]} Nd3 {[%emt 0:01:22]} 32. Bd4 {[%emt 0:01:59]} Qc1 {[%emt 0:00:01]} 33. Qxc1 {[%emt 0:00:22]} Nxc1 {[%emt 0:00:02]} 34. Bf1 {[%emt 0:00:10]} f5 {[%emt 0:03:07]} 35. Bf6 {[%emt 0:01:01]} h6 {[%emt 0:00:01]} 36. Ra4 {[%emt 0:00:45]} Kh7 {[%emt 0:00:47]} 1/2-1/2

[Event "VII Sunway Sitges Open 2020"]
[Site "Sitges"]
[Date "2020.12.16"]
[Round "4.18"]
[White "Antova, Gabriela"]
[Black "Dardha, Daniel"]
[Result "1-0"]
[WhiteElo "2247"]
[BlackElo "2487"]
[Annotator "TA"]
[PlyCount "91"]
[EventDate "2020.12.13"]
[EventType "swiss"]
[EventCountry "ESP"]
[SourceTitle "playchess.com"]
[Source "ChessBase"]
[SourceQuality "1"]

{[%evp 18,91,28,6,11,7,15,0,3,0,73,60,53,-34,-27,-33,-31,-34,-32,-25,-37,-46,-38,-31,0,0,0,0,36,18,57,66,58,64,71,67,50,51,130,123,123,139,125,102,112,114,124,70,70,66,69,69,83,72,69,80,70,29,269,265,244,128,485,472,440,440,435,425,635,625,565,440,29994,29995,29995,29996]} 1. d4 Nf6 2. c4 e6 3. Nf3 d5 4. Nc3 Bb4 5. Bg5 h6 6. Bxf6 Qxf6 7. e3 O-O 8. Rc1 dxc4 9. Bxc4 c5 10. O-O {Black should prevent Ne4.} cxd4 {D38: Queen's Gambit Declined: Ragozin Defence (4 Nf3 Bb4).} 11. Ne4 Qf5 12. Ng3 Qa5 {The position is equal.} 13. Nxd4 Bd7 {[#]} (13... Rd8 $11 {remains equal.}) 14. a3 $146 ({Predecessor:} 14. Bb3 Rd8 15. a3 Bf8 16. Qg4 Nc6 17. Nf3 Ne5 18. Qe4 Nxf3+ 19. Qxf3 Bc6 20. Qe2 {½-½ (53) Shen,Y (2472)-Zhu,J (2177) Yangzhou 2016}) 14... Be7 $1 15. Ba2 (15. b4 $1 $14 Qxa3 16. b5) 15... Rd8 $15 16. Qc2 Nc6 17. Bb1 {Threatening mate with Qh7+.} g6 $1 18. Nb3 Qb6 19. Ne4 Rac8 20. Nbc5 Bxc5 21. Nxc5 Ne7 22. b4 Bc6 23. h4 Qc7 24. Qb2 Qd6 $1 {[#]} 25. h5 $1 {[%mdl 512]} b6 (25... gxh5 26. Ne4) 26. Ne4 Bxe4 27. Bxe4 f5 (27... gxh5 $14 28. Rxc8 Nxc8) 28. Bf3 $16 Kf7 29. Rxc8 Rxc8 30. Rd1 Qc7 31. hxg6+ Kxg6 32. Qd4 (32. e4 $16) 32... Ng8 $14 33. e4 Nf6 34. e5 $36 {[%mdl 2048] White has good play.} Nh7 $1 35. Qh4 Ng5 36. Bh5+ $1 Kh7 37. Rd6 Rd8 $2 {[#]} (37... Qc1+ $11 {and Black is okay.} 38. Kh2 Rc7) 38. f4 $1 $18 {[%cal Rf4g5]} Rxd6 39. exd6 Qc1+ $2 {[%mdl 8192] Black cannot hold the game after this.} (39... Qc4 $16 {is a better chance.}) 40. Kh2 Qd2 41. fxg5 {Intending g6+ and mate.} Qxd6+ 42. Kh3 {Strongly threatening Bg6+!} hxg5 (42... Kg7 $142 43. gxh6+ Kxh6) 43. Qxg5 {Qg6+ would kill now.} Qd3+ 44. Qg3 Qf1 (44... Qxg3+ $18 45. Kxg3 Kg7) 45. Qg6+ {[%mdl 64] Double Attack} Kh8 46. Qf6+ {Weighted Error Value: White=0.13/Black=0.57} 1-0